Loading...
Science - Physics | 0 | 2 | 2 | 0 | 10 | 120 | 122.00 | 0 | 1 |
Fine Arts - Other Fine Arts | 0 | 1 | 0 | 0 | 10 | 111 | 111.00 | 0 | 1 |
Literature - Drama | 0 | 1 | 0 | 0 | 10 | 117 | 117.00 | 0 | 0 |
Literature - Poetry | 0 | 1 | 0 | 0 | 10 | 113 | 113.00 | 1 | 1 |
Philosophy | 0 | 1 | 0 | 0 | 10 | 123 | 123.00 | 0 | 0 |
Religion | 0 | 1 | 0 | 0 | 10 | 132 | 132.00 | 0 | 0 |
Current Events | 0 | 1 | 0 | 0 | 10 | 96 | 96.00 | 0 | 0 |
Science - Chemistry | 0 | 1 | 0 | 0 | 10 | 113 | 113.00 | 0 | 0 |
Science - Math | 0 | 1 | 0 | 0 | 10 | 123 | 123.00 | 1 | 1 |
Science - Biology | 0 | 1 | 1 | 1 | 5 | 145 | 145.00 | 0 | 1 |
Science - Other Science | 0 | 1 | 2 | 1 | 0 | 142 | 142.00 | 0 | 0 |
Social Science | 0 | 0 | 1 | 0 | -5 | 0.00 | 0 | 0 |